000
00185nam a22000977a 4500
999
_c
12472
_d
12472
020
_a
978-969-562-2
082
_a
891.43
100
_a
Dell Karnegi
245
_a
Mane na Mane
942
_c
BK